IN-VITRO RESPONSES OF CAMBODIAN BANANA (MUSA SPP.) Var ORMBONG ON SHOOT PROLIFERATION AND GROWTH TO COMBINATION EFFECTS OF AUXIN AND CYTOKININ ចម្លើយតបទៅលើការបែកដើម និងលូតលាស់របស់ចេកអំបូងទៅនិងការប្រើប្រាស់អ័រម៉ូនអុកស៊ីន និងសុីតូគីនីន (Record no. 22765)

000 -LEADER
fixed length control field 00795nam a22001337a 4500
040 ## - CATALOGING SOURCE
Transcribing agency RUA
082 ## - DEWEY DECIMAL CLASSIFICATION NUMBER
Classification number AGR OEN 2021 B1-570 Or.
100 ## - MAIN ENTRY--AUTHOR NAME
Personal name OENG SOKNENG អ៊ឹង សុខណេង
245 ## - TITLE STATEMENT
Title IN-VITRO RESPONSES OF CAMBODIAN BANANA (MUSA SPP.) Var ORMBONG ON SHOOT PROLIFERATION AND GROWTH TO COMBINATION EFFECTS OF AUXIN AND CYTOKININ ចម្លើយតបទៅលើការបែកដើម និងលូតលាស់របស់ចេកអំបូងទៅនិងការប្រើប្រាស់អ័រម៉ូនអុកស៊ីន និងសុីតូគីនីន
260 ## - PUBLICATION, DISTRIBUTION, ETC. (IMPRINT)
Place of publication PHNOM PENH
Name of publisher RUA
Year of publication 2021
300 ## - PHYSICAL DESCRIPTION
Number of Pages VIII.26P
Other physical details VI.
Dimensions 29CM
856 ## - ELECTRONIC LOCATION AND ACCESS
Uniform Resource Identifier https://drive.google.com/file/d/1_gwxh2IXeHBK8qe7KjaQvsjhK1BrqBRR/view?usp=sharing
942 ## - ADDED ENTRY ELEMENTS (KOHA)
Koha item type AGR
952 ## - LOCATION AND ITEM INFORMATION (KOHA)
Withdrawn status [LOCAL, KOHA] 0
952 ## - LOCATION AND ITEM INFORMATION (KOHA)
Withdrawn status [LOCAL, KOHA] 0
952 ## - LOCATION AND ITEM INFORMATION (KOHA)
Withdrawn status [LOCAL, KOHA] 0
952 ## - LOCATION AND ITEM INFORMATION (KOHA)
Withdrawn status [LOCAL, KOHA] 0
Holdings
Permanent Location Date acquired Koha item type Lost status Shelving location Barcode Current Location Full call number
Library Block B2024-04-02AGR B1.570a078391Library Block BAGR OEN 2021 B1-570 Or.
Library Block B2024-04-02AGR B1.570a078331Library Block BAGR OEN 2021 B1-570 Or.
Library Block B2024-04-02AGR B1.570a078366Library Block BAGR OEN 2021 B1-570 Or.
Library Block B2024-04-02AGR B1.570a078306Library Block BAGR OEN 2021 B1-570 Or.
មជ្ឈមណ្ឌលឯការនៃសាកលវិទ្យាល័យភូមិន្ទកសិកម្មចំការដូង

Powered by Koha